| 000 | 00616nam a22002297a 4500 | ||
|---|---|---|---|
| 003 | OSt | ||
| 005 | 20140310182822.0 | ||
| 008 | 130423t xxu||||| |||| 00| 0 eng d | ||
| 020 | _a97123273x | ||
| 050 |
_aPQ8897 _b.M112 1999 |
||
| 082 |
_2FIL 809.83 _bM11 1999 |
||
| 245 |
_aNoli Me Tangere ni Jose Rizal: _bManglo, Ruth S. _c Isang Interpretasyon |
||
| 260 |
_aManila, Philippines _bRex Printing Company Inc. _cC1999 |
||
| 300 | _a359 p. | ||
| 521 | _aCollege Students | ||
| 526 | _c1210L-1700L | ||
| 541 | _j1 | ||
| 541 | _j2 | ||
| 541 | _j3 | ||
| 562 | _e3 | ||
| 942 |
_2lcc _cBK _kFIL |
||
| 999 |
_c16422 _d16422 |
||